[Event "Sunway Formentera op 3rd"]
[Site "Sant Ferran de ses Roques"]
[Date "2024.04.09"]
[Round "1"]
[White "Kazarian, Anna Maja"]
[Black "Pranav, V."]
[Result "0-1"]
[WhiteElo "2207"]
[BlackElo "2604"]
[PlyCount "58"]
[EventDate "2024.04.09"]
[EventType "swiss"]
[EventRounds "10"]
[EventCountry "ESP"]
[SourceTitle "CB17_2024"]
[SourceDate "2024.04.24"]
[SourceVersion "1"]
[SourceVersionDate "2024.04.24"]
[SourceQuality "1"]

1. d4 Nf6 2. Nc3 d5 3. Bf4 a6 4. e3 e6 5. h4 b5 6. g4 b4 7. Na4 Bd7 8. Nc5 Bxc5 9. dxc5 Nc6 10. Bg2 Ne4 11. Bxe4 dxe4 12. Bg3 Qf6 13. Rb1 e5 14. f3 exf3 15. Qxf3 Qg6 16. Bxe5 Bxg4 17. Qg2 0-0-0 18. h5 Qe6 19. Bf4 Rd5 20. Ne2 Rhd8 21. Rg1 f5 22. e4 Rxc5 23. exf5 Bxf5 24. Qxg7 Nd4 25. Rg2 Rxc2 26. Rc1 Nf3+ 27. Kf1 Rxc1+ 28. Bxc1 Bh3 29. Bf4 Qb6 0-1

[Event "Zahara de la Sierra 3rd"]
[Site "Zahara de la Sierra"]
[Date "2024.03.29"]
[Round "6"]
[White "Silva, Pedro Gil Ferreira"]
[Black "Kazarian, Anna Maja"]
[Result "1-0"]
[WhiteElo "2228"]
[BlackElo "2206"]
[PlyCount "97"]
[EventDate "2024.03.27"]
[EventType "tourn"]
[EventRounds "9"]
[EventCountry "ESP"]
[SourceTitle "CB14_2024"]
[SourceDate "2024.04.01"]
[SourceVersion "1"]
[SourceVersionDate "2024.04.01"]
[SourceQuality "1"]

1. c4 c6 2. e4 d5 3. cxd5 cxd5 4. exd5 Nf6 5. Nc3 g6 6. d4 Bg7 7. Qb3 0-0 8. Be2 Nbd7 9. Bf3 Qb6 10. Qc4 Ne8 11. Nge2 Nd6 12. Qd3 Nf5 13. 0-0 Nxd4 14. Nxd4 Qxd4 15. Qxd4 Bxd4 16. Bg5 Bf6 17. Bxf6 Nxf6 18. Rfe1 e6 19. Rad1 Rb8 20. Rd4 Rd8 21. h4 h5 22. Red1 exd5 23. Nxd5 Nxd5 24. Bxd5 Kg7 25. Bb3 Rxd4 26. Rxd4 Bf5 27. f3 Rc8 28. Kf2 Rc6 29. Rc4 Rxc4 30. Bxc4 f6 31. f4 g5 32. g3 gxh4 33. gxh4 Kg6 34. Ke3 Bd7 35. Bd5 b6 36. Be4+ Bf5 37. Kd4 b5 38. b4 Bxe4 39. Kxe4 Kf7 40. Kf5 Ke7 41. Kg6 Ke6 42. Kxh5 Kf5 43. Kh6 Kxf4 44. h5 Kg4 45. Kg6 f5 46. h6 f4 47. h7 f3 48. h8Q f2 49. Qh1 1-0

[Event "Reykjavik op"]
[Site "Reykjavik"]
[Date "2024.03.20"]
[Round "8"]
[White "Dhruv, Rattan"]
[Black "Kazarian, Anna Maja"]
[Result "1/2-1/2"]
[WhiteElo "1831"]
[BlackElo "2206"]
[PlyCount "117"]
[EventDate "2024.03.15"]
[EventType "swiss"]
[EventRounds "9"]
[EventCountry "ISL"]
[SourceTitle "CB13_2024"]
[SourceDate "2024.03.27"]
[SourceVersion "1"]
[SourceVersionDate "2024.03.27"]
[SourceQuality "1"]

1. e4 e6 2. d4 d5 3. e5 c5 4. c3 Qb6 5. Nf3 Bd7 6. Be2 Bb5 7. Bxb5+ Qxb5 8. Na3 Qd7 9. Nc2 Nc6 10. 0-0 Nge7 11. Bd2 Ng6 12. h4 h5 13. g3 f6 14. exf6 gxf6 15. b4 c4 16. b5 Nce7 17. Re1 Nf5 18. Qe2 Kf7 19. a4 Bd6 20. Ne3 Rag8 21. Ng2 Nf8 22. Bf4 Bxf4 23. Nxf4 Qd6 24. Kh2 Rg4 25. Qd2 Rhg8 26. Rg1 Ng6 27. Nxg6 R8xg6 28. Kh1 e5 29. dxe5 fxe5 30. Nh2 Re4 31. Nf3 Kg7 32. Qc2 Qf6 33. Ng5 Rg4 34. Kh2 Nxh4 35. gxh4 Rxh4+ 36. Nh3 Rgg4 37. Rg3 d4 38. Rag1 d3 39. Qd2 Qf4 40. Qe3 b6 41. Kg2 Rxg3+ 42. Qxg3+ Qxg3+ 43. fxg3 Re4 44. Kf3 Re2 45. Nf2 Kg6 46. g4 h4 47. g5 h3 48. Ne4 h2 49. Rh1 Rc2 50. Ke3 Re2+ 51. Kf3 Ra2 52. Ke3 Rxa4 53. Rxh2 Ra1 54. Rh6+ Kg7 55. Rc6 Re1+ 56. Kf3 Rf1+ 57. Ke3 Re1+ 58. Kf3 Rf1+ 59. Ke3 1/2-1/2

[Event "Reykjavik op"]
[Site "Reykjavik"]
[Date "2024.03.18"]
[Round "5"]
[White "Kazarian, Anna Maja"]
[Black "Cansdale, Zach"]
[Result "1-0"]
[WhiteElo "2206"]
[BlackElo "1951"]
[PlyCount "53"]
[EventDate "2024.03.15"]
[EventType "swiss"]
[EventRounds "9"]
[EventCountry "ISL"]
[SourceTitle "CB13_2024"]
[SourceDate "2024.03.27"]
[SourceVersion "1"]
[SourceVersionDate "2024.03.27"]
[SourceQuality "1"]

1. e4 c6 2. d4 d5 3. f3 e6 4. Nc3 Bb4 5. Bf4 Ne7 6. Nge2 Ng6 7. Bg3 b6 8. a3 Be7 9. e5 0-0 10. Qd2 Ba6 11. Nd1 c5 12. c3 Nc6 13. b4 cxd4 14. cxd4 Bc4 15. h4 Bxh4 16. Bxh4 Nxh4 17. Kf2 Re8 18. Ne3 Ng6 19. Ng4 Nf8 20. Ng3 Ne7 21. Nh5 Nf5 22. Ngf6+ gxf6 23. Nxf6+ Kh8 24. Qg5 Ng7 25. Qh6 Nf5 26. Qxh7+ Nxh7 27. Rxh7# 1-0

[Event "Wch Blitz (Women)"]
[Site "Samarkand"]
[Date "2023.12.29"]
[Round "8"]
[White "Buksa, Nataliya"]
[Black "Kazarian, Anna Maja"]
[Result "1-0"]
[WhiteElo "2388"]
[BlackElo "2204"]
[PlyCount "37"]
[EventDate "2023.12.29"]
[EventType "swiss (blitz)"]
[EventRounds "17"]
[EventCountry "UZB"]
[SourceTitle "CB01_2024"]
[SourceDate "2024.01.03"]
[SourceVersion "1"]
[SourceVersionDate "2024.01.03"]
[SourceQuality "1"]

1. e4 e6 2. d4 d5 3. e5 c5 4. c3 Bd7 5. Nf3 Qb6 6. Be2 Bb5 7. Na3 Bxe2 8. Qxe2 cxd4 9. cxd4 Bxa3 10. bxa3 Nc6 11. 0-0 Nge7 12. Bd2 Nxd4 13. Nxd4 Qxd4 14. Qb5+ Kf8 15. Bb4 Qb6 16. Qd7 Re8 17. Rac1 a5 18. Bxe7+ Rxe7 19. Rc8+ 1-0

[Event "Wch Blitz (Women)"]
[Site "Samarkand"]
[Date "2023.12.29"]
[Round "9"]
[White "Kazarian, Anna Maja"]
[Black "Pourkashiyan, Atousa"]
[Result "0-1"]
[WhiteElo "2204"]
[BlackElo "2259"]
[PlyCount "82"]
[EventDate "2023.12.29"]
[EventType "swiss (blitz)"]
[EventRounds "17"]
[EventCountry "UZB"]
[SourceTitle "CB01_2024"]
[SourceDate "2024.01.03"]
[SourceVersion "1"]
[SourceVersionDate "2024.01.03"]
[SourceQuality "1"]

1. e4 c5 2. Nf3 e6 3. d4 cxd4 4. Nxd4 a6 5. c4 Nf6 6. Nc3 Qc7 7. Be2 Bb4 8. Qd3 Nc6 9. Nxc6 dxc6 10. Bg5 Qe5 11. Bd2 0-0 12. f4 Qc7 13. e5 Nd7 14. Ne4 Bxd2+ 15. Qxd2 c5 16. Bf3 Rb8 17. 0-0 b5 18. cxb5 axb5 19. Rac1 Bb7 20. Nd6 Bxf3 21. Rxf3 c4 22. Kh1 Nc5 23. Rh3 Qc6 24. Qc2 g6 25. Qf2 Rfd8 26. Qh4 h5 27. Nxf7 Ne4 28. Ng5 Rd2 29. Nxe4 Qxe4 30. Rg3 Rbd8 31. h3 Rd1+ 32. Rxd1 Rxd1+ 33. Kh2 Qb1 34. Re3 Rh1+ 35. Kg3 Qd1 36. Qf6 Kh7 37. Qf7+ Kh6 38. Qf8+ Kh7 39. Qe7+ Kh6 40. Qxe6 h4+ 41. Kxh4 Qd2 0-1

[Event "Wch Blitz (Women)"]
[Site "Samarkand"]
[Date "2023.12.29"]
[Round "3"]
[White "Tokhirjonova, Gulruhbegim"]
[Black "Kazarian, Anna Maja"]
[Result "0-1"]
[WhiteElo "2370"]
[BlackElo "2204"]
[PlyCount "70"]
[EventDate "2023.12.29"]
[EventType "swiss (blitz)"]
[EventRounds "17"]
[EventCountry "UZB"]
[SourceTitle "CB01_2024"]
[SourceDate "2024.01.03"]
[SourceVersion "1"]
[SourceVersionDate "2024.01.03"]
[SourceQuality "1"]

1. e4 e6 2. d4 d5 3. e5 c5 4. c3 Bd7 5. Nf3 Qb6 6. a3 Bb5 7. Bd3 Bxd3 8. Qxd3 a5 9. 0-0 Nd7 10. Be3 Qxb2 11. Nbd2 c4 12. Qe2 Bxa3 13. Rab1 Qxc3 14. Rxb7 Bb4 15. Qd1 Qa3 16. Ng5 Nh6 17. Qh5 0-0-0 18. Ra7 Kb8 19. Ra6 Kb7 20. Rd6 Bxd6 21. exd6 c3 22. Rb1+ Nb6 23. Nxf7 c2 24. Nxd8+ Rxd8 25. Rf1 c1Q 26. Rxc1 Qxc1+ 27. Nf1 Qc6 28. Bf4 Nc4 29. Bxh6 gxh6 30. Qxh6 Qxd6 31. h4 a4 32. Ng3 Rd7 33. Qg5 a3 34. Qc1 Qb4 35. Kh2 a2 0-1

[Event "Arad op 16th"]
[Site "Arad"]
[Date "2023.08.08"]
[Round "3"]
[White "Bezeyko, Alexander"]
[Black "Kazarian, Anna Maja"]
[Result "0-1"]
[WhiteElo "1886"]
[BlackElo "2199"]
[PlyCount "92"]
[EventDate "2023.08.07"]
[EventType "swiss"]
[EventRounds "9"]
[EventCountry "ROU"]
[SourceTitle "EXT 2024"]
[Source "ChessBase"]
[SourceDate "2023.10.10"]
[SourceVersion "1"]
[SourceVersionDate "2023.10.10"]
[SourceQuality "1"]

1. e4 e6 2. d4 d5 3. e5 c5 4. c3 Qb6 5. Nf3 Bd7 6. a3 Bb5 7. b4 cxd4 8. Bxb5+ Qxb5 9. cxd4 Nd7 10. Nc3 Qa6 11. Na4 Rc8 12. Bd2 b6 13. Nc3 Qd3 14. Ne2 Ne7 15. 0-0 Ng6 16. h4 Be7 17. h5 Nh4 18. Ne1 Qa6 19. g3 Nf5 20. Kg2 f6 21. f4 0-0 22. Nf3 Qd3 23. Rf2 Rc2 24. g4 Nh4+ 25. Nxh4 Rxd2 26. Qe1 Rc8 27. Nf3 Rb2 28. Neg1 Rxf2+ 29. Kxf2 fxe5 30. fxe5 Rf8 31. Kg2 Rf4 32. Qg3 Rf8 33. g5 Qc3 34. Qe1 Qb2+ 35. Kg3 Rc8 36. Kg4 Rc2 37. Kh3 Qb3 38. Qb1 Qd3 39. Kh4 h6 40. Qf1 hxg5+ 41. Kg3 Qe4 42. Nxg5 Bxg5 43. Nf3 Qf4+ 44. Kh3 Qf5+ 45. Kg3 Bf4+ 46. Kh4 Rh2+ 0-1

[Event "Timisoara Foisor Memorial Rapid"]
[Site "Timisoara"]
[Date "2023.08.06"]
[Round "8"]
[White "Kazarian, Anna Maja"]
[Black "Roman, Jozsef Attila Micha"]
[Result "1-0"]
[WhiteElo "2199"]
[BlackElo "1731"]
[PlyCount "74"]
[EventDate "2023.08.05"]
[EventType "swiss (rapid)"]
[EventRounds "10"]
[EventCountry "ROU"]
[SourceTitle "CBM 215 Extra"]
[Source "ChessBase"]
[SourceDate "2023.09.30"]
[SourceVersion "1"]
[SourceVersionDate "2023.09.30"]
[SourceQuality "1"]

1. e4 c5 2. Nf3 d6 3. d4 cxd4 4. Nxd4 Nf6 5. Nc3 g6 6. Be3 Bg7 7. f3 0-0 8. Bc4 Nc6 9. Qd2 Nxd4 10. Bxd4 Be6 11. Bb3 Qa5 12. 0-0-0 b5 13. Kb1 b4 14. Nd5 Bxd5 15. exd5 Qb5 16. Qd3 Qxd3 17. Rxd3 a5 18. Ba4 Rfc8 19. Bc6 a4 20. Bxa8 Rxa8 21. Re1 Kf8 22. a3 bxa3 23. bxa3 Rc8 24. Bxf6 Bxf6 25. Re4 Ra8 26. Rb4 Ra5 27. Rb8+ Kg7 28. f4 h5 29. Kc1 Rc5 30. Rb4 Ra5 31. Kd2 Kf8 32. Ke3 Ke8 33. Rd1 Kf8 34. Ke4 Bc3 35. Rb8+ Kg7 36. Rb7 Bf6 37. c4 Bc3 1-0

[Event "Monteolivete op 3rd"]
[Site "Alboraia"]
[Date "2023.07.23"]
[Round "9"]
[White "Molenda, Marcin"]
[Black "Kazarian, Anna Maja"]
[Result "1-0"]
[WhiteElo "2400"]
[BlackElo "2187"]
[PlyCount "91"]
[EventDate "2023.07.17"]
[EventType "swiss"]
[EventRounds "9"]
[EventCountry "ESP"]
[SourceTitle "CBM 215 Extra"]
[Source "ChessBase"]
[SourceDate "2023.09.30"]
[SourceVersion "1"]
[SourceVersionDate "2023.09.30"]
[SourceQuality "1"]

1. Nf3 d5 2. c4 c6 3. g3 Nf6 4. Bg2 g6 5. b3 Bg7 6. Bb2 Nbd7 7. 0-0 0-0 8. Qc2 Re8 9. d3 e5 10. e4 dxe4 11. dxe4 Nc5 12. Rd1 Qc7 13. Nbd2 Bg4 14. b4 Bxf3 15. Nxf3 Ncd7 16. c5 a5 17. a3 axb4 18. axb4 Rxa1 19. Bxa1 b6 20. cxb6 Qxb6 21. Bh3 Nb8 22. Qc4 Qa6 23. Rc1 Nh5 24. Bf1 Qb6 25. Rd1 h6 26. Rd6 Qa7 27. Bc3 Kh7 28. Rd1 Qe7 29. Be2 Bf6 30. Ra1 Bh8 31. Bd1 Rd8 32. Bb3 Rd7 33. Ra5 Qe8 34. Nxe5 Re7 35. f4 f6 36. Ng4 Rxe4 37. Ra7+ Bg7 38. Qd3 Re7 39. Rxe7 Qxe7 40. f5 g5 41. Qc4 Qd8 42. Qf7 c5 43. Qxh5 cxb4 44. Bxf6 Qb6+ 45. Kg2 Qc6+ 46. Kh3 1-0

[Event "Monteolivete op 3rd"]
[Site "Alboraia"]
[Date "2023.07.18"]
[Round "3"]
[White "Harshavardhan, GB."]
[Black "Kazarian, Anna Maja"]
[Result "1-0"]
[WhiteElo "2405"]
[BlackElo "2187"]
[PlyCount "105"]
[EventDate "2023.07.17"]
[EventType "swiss"]
[EventRounds "9"]
[EventCountry "ESP"]
[SourceTitle "CBM 215 Extra"]
[Source "ChessBase"]
[SourceDate "2023.09.30"]
[SourceVersion "1"]
[SourceVersionDate "2023.09.30"]
[SourceQuality "1"]

1. e4 e6 2. d4 d5 3. Nc3 Be7 4. Nf3 Nf6 5. Bd3 c5 6. exd5 cxd4 7. Nxd4 Nxd5 8. Bb5+ Kf8 9. Bd2 Bf6 10. Nde2 a6 11. Bd3 Nc6 12. 0-0 b5 13. Nxd5 Qxd5 14. Nc3 Qd7 15. Be4 Bb7 16. Be3 Qc7 17. Qf3 Ne5 18. Qf4 Rc8 19. Rad1 Nc4 20. Qxc7 Rxc7 21. Bf4 e5 22. Bc1 Bxe4 23. Nxe4 Be7 24. f4 exf4 25. Bxf4 Rc6 26. Rd7 f6 27. Rb7 Kf7 28. b3 Na5 29. Ra7 Rd8 30. Bd2 Rd4 31. Rf4 Rxd2 32. Nxd2 Rxc2 33. Ne4 Rxa2 34. Nd6+ Ke6 35. Re4+ Kxd6 36. Rxa6+ Kd5 37. Rxe7 Ra1+ 38. Kf2 Nxb3 39. Rxa1 Nxa1 40. Rxg7 b4 41. Ke3 Nc2+ 42. Kd3 b3 43. Kc3 Ne3 44. Rxh7 Nxg2 45. h4 Ke6 46. h5 Ne3 47. h6 Nd5+ 48. Kxb3 f5 49. Ra7 Nf6 50. h7 Nxh7 51. Rxh7 Ke5 52. Kc3 Ke4 53. Kd2 1-0